Top Cattle Countries - Statistics

General Stats
  • This quiz has been taken 26 times
  • The average score is 11 of 15
Answer Stats
Cattle
(millions)
Country % Correct
214.7 Brazil
100%
63.4 China
100%
24.7 Australia
96%
193.5 India
96%
94.8 United States
96%
54.5 Argentina
92%
35.2 Mexico
92%
47.8 Pakistan
72%
27.2 Colombia
68%
24.2 Bangladesh
44%
63.3 Ethiopia
44%
31.5 Sudan
44%
20.9 Kenya
40%
27.8 Tanzania
40%
30.6 Chad
36%
No matching quizzes found
Score Distribution
Percent of People with Each Score
Percentile by Number Answered
Your Score History
You have not taken this quiz